000 00653nam a2200217Ii 4500
003 JO-AjNU
008 230606s9999||||xx |||||||||||||| ||und||
020 _a978-0-538-82160-4
040 _aJO-AjNU
_beng
_erda
_cJO-AjNU
041 _aeng
050 1 4 _aHF5681.B2.G49.1992
100 3 _aGibson, Charles H. ,
_eauthor
_96847
245 0 0 _aFinancial Statement Analysis: Using Financial Accounting Information
250 _a5th ed
264 3 1 _aLondon: South - Western, 1992
300 _a783p
336 _atext
_btxt
_2rdacontent
337 _aunmediated
_bn
_2rdamedia
338 _avolume
_bnc
_2rdacarrier
650 4 _aFinancial starements
_96848
999 _aE3574
_c3548
_d3548